| 000 | 00782nam a22002531 4500 | ||
|---|---|---|---|
| 001 | 33158 | ||
| 003 | BD-RjUL | ||
| 005 | 20211209051946.0 | ||
| 008 | 140430s1962 enk b 001 0 eng | ||
| 035 | _a(BD-RjUL)33249 | ||
| 040 |
_aDLC _cDLC _dDLC _dBD-RjUL _beng |
||
| 041 | _aeng | ||
| 082 |
_a301.09 _bSTF 1962 |
||
| 100 | 1 |
_aStark, Werner, _d1909-1985. _9100713 |
|
| 245 | 1 | 4 |
_aThe fundamental forms of social thought / _cWerner Stark |
| 260 |
_aLondon : _bRoutledge & K. Paul, _c1962. |
||
| 300 |
_aviii, 270 [13] p. ; _c23 cm. |
||
| 490 | 0 | _aInternational library of sociology and social reconstruction | |
| 504 | _aBibliographical footnotes and index. | ||
| 650 | 0 |
_aSociology _xHistory. _9100714 |
|
| 942 |
_2ddc _cBK |
||
| 999 |
_c33158 _d33158 |
||